000 00819nmc a2200301 a 4500
003 AR-BaBNM
005 20251128203545.0
008 207119s1987 ||||||||||||||000 | spa||
040 _cAR-BaBNM
100 1 _aHernández Arregui, Juan José
245 1 0 _aNacionalismo y liberación
_b[Metrópolis y colonias en la era del imperialismo]
250 _a1ª ed.
260 _aBuenos Aires
_bContrapunto
_c1987
300 0 _a335 p.
490 0 _aPensamiento crítico
600 1 4 _aGermani, Gino
600 1 4 _aBorges, Jorge Luis
600 1 4 _aScalabrini Ortiz, Raúl
650 4 _aOLIGARQUIA
650 4 _aNACIONALISMO
650 4 _aUNIVERSIDADES
650 4 _aSINDICALISMO
650 4 _aHISTORIOGRAFIA ARGENTINA
651 4 _aReino Unido
651 4 _aEstados Unidos
942 _cBK
998 _cmariana
999 _c3927
_d3927